000 01325nam a22003857a 4500
001 3486289
003 OSt
005 20210420062058.0
008 940601s1995 nyua b 001 0 eng c
010 _a 94013196
020 _a0443089337
040 _aeng
_cDLC
_deng
041 _aeng
050 0 0 _aRC347
_b.N479 1995
060 1 0 _aWL 340 N4932 1995
080 _a616.8
_bA-48
082 0 0 _a616.047
_220
100 _9386
_aAminoff, J. Michael
_eEditor
245 0 0 _aNeurology and general medicine :
_bthe neurological aspects of medical disorders /
_cedited by Michael J. Aminoff.
250 _a2nd ed.
260 _aNew York :
_bChurchill Livingstone,
_c1995.
300 _axx, 999 p. :
_bill. ;
_c27 cm.
365 _b129.95 usd
504 _aIncludes bibliographical references and index.
650 0 _aNeurologic manifestations of general diseases.
650 2 _aNeurologic Manifestations.
650 2 _aNervous System Diseases
_xcomplications.
650 0 _aMedicine
_969
653 _aნევროლოგია
653 _aმედიცინა
700 1 _aAminoff, Michael J.
_q(Michael Jeffrey)
906 _a7
_bcbc
_corignew
_d1
_eocip
_f19
_gy-gencatlg
942 _2udc
_cBK
_e2
999 _c464
_d464